000 00763nam a2200229Ii 4500
003 JO-AjNU
008 230605s9999||||xx |||||||||||||| ||und||
017 _a2020/12/5133
020 _a978-9957-00-818-5
040 _aJO-AjNU
_bara
_erda
_cJO-AjNU
041 _aara
050 1 4 _aLB3609 2021
100 3 _aالاحمد، محمد رفيق,
_eauthor
_962060
245 0 0 _aالإرشاد باللعب
250 _aط1
264 3 1 _aعمان: دار الشروق اانشر والتوزيع، 2021
300 _a270ص
336 _atext
_btxt
_2rdacontent
337 _aunmediated
_bn
_2rdamedia
338 _avolume
_bnc
_2rdacarrier
650 4 _aالارشاد -الوجية التربوي-التعلم باللعب-الطلبة-التربية
_962061
999 _aA28083
_c31651
_d31651